000 00413nam a2200181Ia 4500
001 14061
005 20260306164846.0
008 260306t1994||||xx |||||||||||||| ||spa||
041 _aESP
082 _a006.3
_bR53
100 _aRich, Elaine
_eAUT
245 0 _aInteligencia artificial
260 _c1994
300 _a703 páginas :
_c23 cm.
650 _aGEN
654 _aCCC
942 _cLIB
_dJUS
_fJUS
_2ddc
_n
999 _c14061
_d14061